Liečba pooperačných endoftalmitíd - výsledky päťročného súboru

Bibliographic Details
Main Authors: Hlaváčová, Katarína (Author), Strmeň, Peter, 1942-2024 (Author), Krásnik, Vladimír (Author), Vavrová, Katarína (Author)
Format: Article
Language:Slovak
PhysicalDescription:Tab.
ISSN:1335-8995
Subjects:

MARC

LEADER 00000nab a2200000 ar4500
001 vtls008940242
003 SK-MaSNL
005 20260304133605.0
008 250505c2004 xo fr|p|||||||000 b|slo
015 |a SNBRB2007/01 
035 |a (uuid)ac0924c8-7e16-4b7d-9925-0628b78b7088 
035 |a urn:nbn:sk:snk-ab355r 
035 |a (urnnbn)urn:nbn:sk:snk:ar-a065c0 
038 |a SNKBUCL 
040 |a SNKBUCL  |b slo  |c SNKBUCL  |e AACR2 
041 0 |a slo  |b slo  |b eng 
044 |a xo  |c SK 
080 |a 617.741-089-06:617.7-002  |2 2001 
100 1 |a Hlaváčová, Katarína  |4 aut  |9 1287578 
245 1 0 |a Liečba pooperačných endoftalmitíd - výsledky päťročného súboru  |c K. Hlaváčová 
246 3 1 |a Treatment of postoperative endophthalmitis - result of five year's study 
300 |b Tab. 
500 |a Na dokumente nesprávne uvedené ISSN 
504 |a Bibliogr. odkazy 
546 |a Res. slov., angl. 
650 0 7 |a endoftalmitída pooperačná  |x liečba  |2 snkbucl  |9 1450697 
700 1 |a Strmeň, Peter,  |d 1942-2024  |4 aut  |9 248666 
700 1 |a Krásnik, Vladimír  |4 aut  |9 11701 
700 1 |a Vavrová, Katarína  |4 aut  |9 217130 
773 0 |t Transacta Ophthalmologica Slovaca  |g Roč. 4, č. 1 (2004), s. 24-33  |x 1335-8995 
850 |a Slovenská národná knižnica 
852 |a Slovenská národná knižnica 
954 |a odborná, vedecká literatúra pôvodná (slovenská)  |2 lita 
958 |a article27 
958 |a MI 
958 |a NB 
958 |a OND 
958 |a EUIPO 
999 |c 2902505  |d 2904435